[Event "LUX-ch AB"]
[Site "Differdingen"]
[Date "2007.04.14"]
[Round "8.5"]
[White "Boyarchenko, Marie"]
[Black "Risch, Michel"]
[Result "0-1"]
[WhiteElo "1756"]
[BlackElo "1970"]
[PlyCount "114"]
[EventDate "2007.04.07"]
[EventType "swiss"]
[EventRounds "9"]
[EventCountry "LUX"]
[SourceTitle "EXT 2008"]
[Source "ChessBase"]
[SourceDate "2007.11.25"]
[SourceVersion "1"]
[SourceVersionDate "2007.11.25"]
[SourceQuality "1"]

1. e4 c6 2. Nc3 d5 3. Qf3 dxe4 4. Nxe4 Qd5 5. c4 Qe5 6. Ne2 Nf6 7. N4g3 Bg4 8. Qb3 Qc7 9. d4 Bxe2 10. Bxe2 Nbd7 11. Bd2 e6 12. Bf3 Bd6 13. 0-0 h5 14. c5 Be7 15. Rfe1 0-0-0 16. Rac1 Nxc5 17. Qc4 Ncd7 18. Qa4 Kb8 19. Ba5 Nb6 20. Bxb6 Qxb6 21. Rc4 Nd5 22. Ne2 Qxb2 23. Bxd5 Rxd5 24. Nc3 Rf5 25. f3 Qa3 26. Qc2 Bb4 27. Rb1 Bxc3 28. Rxc3 Qd6 29. Rxc6 Qxd4+ 30. Kh1 Qd7 31. Rc3 Rc8 32. Rxc8+ Qxc8 33. Qb2 Rc5 34. h3 f6 35. Re1 e5 36. Rd1 Rc4 37. Qa3 Qc5 38. Qb2 Rc2 39. Qb3 Qc4 40. Qa3 a6 41. Rd8+ Ka7 42. Rd1 Rxa2 43. Qe3+ b6 44. Rd7+ Ka8 45. Rd8+ Kb7 46. Rd7+ Kc6 47. Rd1 Rc2 48. Qa3 a5 49. Qd6+ Kb7 50. Qd8 Rc1 51. Rxc1 Qxc1+ 52. Kh2 Qc7 53. Qd5+ Ka7 54. Qb5 e4+ 55. Kg1 exf3 56. gxf3 Qc5+ 57. Qxc5 bxc5 0-1